000 00518nam a2200181Ia 4500
005 20250508154849.0
008 008 250505s9999 xx 000 0 hin d
037 _aTextual
040 _aFEDL
_beng
_cFEDL
041 _ahin
_2hin
084 _a891.433, CHU
_qFEDL
100 _aChugh Satya Pal
_9397043
245 0 _aPremchandottar upanyason ki shilpvidhi
260 _aAllahabad, India
_bLokbharti Prakashan
_c1968
300 _a944p
942 _cTEXL
_h891.433, CHU
999 _c1352505
_d1352505